Las dictaduras en América Latina

Gorde:
Xehetasun bibliografikoak
Egile nagusia: Maira A., Luis (autor)
Formatua: Liburua
Hizkuntza:gaztelania
Argitaratua: Santiago CESOC 1986
Gaiak:
Etiketak: Etiketa erantsi
Etiketarik gabe, Izan zaitez lehena erregistro honi etiketa jartzen!

MARC

LEADER 00000nam a2200000 a 4500
001 UCO7623
003 CL-VaPUC
008 001117e19860000CL |||||||||||||||||spa|d
082 0 4 |a 320.98  |b MAI  |2 21 
100 |a Maira A., Luis  |e autor  |9 392305 
245 1 4 |a Las dictaduras en América Latina 
300 |a 159 p 
942 |c BK 
945 |d 20001117 00:00:00  |a crobeson 
260 |a Santiago  |b CESOC  |c 1986 
500 |a Donación del profesor Manfred Wilhelmy von Wolff 
650 0 |a Dictaduras  |9 343155 
650 0 |a Autoritarismo  |9 295297 
650 7 |a CONDICIONES POLITICAS  |2 CL-VaPUC  |9 392006 
650 0 |a Fascismo  |9 255687 
651 0 |a América Latina   |9 255027 
583 |a last modification  |c 20001117 00:00:00  |k Rodrigo Vera 
999 |c 292511  |d 292509 
952 |0 0  |1 0  |4 0  |6 320_980000000000000_MAI_1986  |7 0  |8 A  |9 343430  |a BIBHIS  |b BIBHIS  |d 2019-11-20  |i 1229028  |l 5  |o 320.98 MAI 1986  |p 1229028  |r 2025-01-20  |s 2024-11-22  |w 2019-11-20  |y BK  |k HIS